00626nam a22002057a 450000500170000001000250001702000260004203500130006803500170008103500130009803700210011103700130013208200110014510000230015624500870017926000420026627000690030830000260037770000170040320170601101510.0 a1516ENO7 ENG-114569 a9789350716434c475.00 aEN-98101 aB-606648-674 aB-666068 adplbVariety/Ven bDBAD/PUB a657.48 aAhuja, Narender L. aTaxmann's financial accounting & analysis /cby Narender L.Ahuja [and] Varun Dawar aNew DelhibTaxmann Publicationsc2015 a59/32,New Rohtak Road,bNew Delhie110005k+91-11-45562222l-m- aI-22,519p.c24cm(pbk) aDawar,Varun